|
|
|
|
| LEADER |
00616nam a2200169 i 4500 |
| 001 |
univ49116 |
| 005 |
20190205144301.0 |
| 008 |
190129s1959 hu o 0|| zxx d |
| 040 |
|
|
|a SZTE UnivHistória Repozitórium
|b hun
|
| 041 |
|
|
|a zxx
|
| 245 |
0 |
2 |
|a A Szegedi Orvostudományi Egyetem tanrendje az 1959/60. tanév első félévére
|h [elektronikus dokumentum]
|
| 260 |
|
|
|c 1959
|
| 300 |
|
|
|a 3-36
|
| 490 |
0 |
|
|a [Orvostudományi Kar tanrendjei 1958-2013]
|
| 561 |
|
|
|a Tanrend
|
| 695 |
|
|
|a Szeged - orvostudományi egyetem - tanrend
|
| 856 |
4 |
0 |
|u http://univ.bibl.u-szeged.hu/49116/1/szote_tanrend_1959_60_01.pdf
|z Dokumentum-elérés
|